Online katalóg knižníc regiónu Turca

Maľovaný závoj (Record no. 22235)

MARC details
000 -LEADER
fixed length control field 01480nam a2200409 a 4500
001 - CONTROL NUMBER
control field 22235
003 - CONTROL NUMBER IDENTIFIER
control field VRT
005 - DATE AND TIME OF LATEST TRANSACTION
control field 20260323142134.0
008 - FIXED-LENGTH DATA ELEMENTS--GENERAL INFORMATION
fixed length control field 251031s2005 xo g 000 f slo
015 ## - NATIONAL BIBLIOGRAPHY NUMBER
National bibliography number SNBA2005/09-03324
020 ## - INTERNATIONAL STANDARD BOOK NUMBER
International Standard Book Number 8055108501
Qualifying information (viaz.)
035 ## - SYSTEM CONTROL NUMBER
System control number 2113539C-6657-4872-849A-B9E17DD4229B
035 ## - SYSTEM CONTROL NUMBER
System control number urn:nbn:sk:snk-aml5lz
035 ## - SYSTEM CONTROL NUMBER
System control number urn:nbn:sk:snk-am008vlx
039 #9 - LEVEL OF BIBLIOGRAPHIC CONTROL AND CODING DETAIL [OBSOLETE]
Level of rules in bibliographic description 202510310909
Level of effort used to assign nonsubject heading access points VLOAD
Level of effort used to assign subject headings 202401231613
Level of effort used to assign classification VLOAD
Level of effort used to assign subject headings 202202022210
Level of effort used to assign classification msnk134
Level of effort used to assign subject headings 202105261935
Level of effort used to assign classification AUTHORITY
040 ## - CATALOGING SOURCE
Original cataloging agency SNK
Language of cataloging slo
Transcribing agency SNK
Description conventions AACR2
041 1# - LANGUAGE CODE
Language code of text/sound track or separate title slo
Language code of original eng
044 ## - COUNTRY OF PUBLISHING/PRODUCING ENTITY CODE
MARC country code xo
ISO country code SK
072 #7 - SUBJECT CATEGORY CODE
Subject category code 821.111-3
Subject category code subdivision Anglická próza, anglicky písaná
Source konspekt
080 ## - UNIVERSAL DECIMAL CLASSIFICATION NUMBER
Universal Decimal Classification number 821.111-31
Edition identifier MDT-MRF
100 1# - MAIN ENTRY--PERSONAL NAME
Personal name Maugham, William Somerset,
Dates associated with a name 1874-1965
Relationship aut
240 14 - UNIFORM TITLE
Uniform title The painted veil
Language of a work Slovensky
245 10 - TITLE STATEMENT
Title Maľovaný závoj
Statement of responsibility, etc. William Somerset Maugham; [z anglického originálu preložil a doslov napísal Viktor Krupa]
250 ## - EDITION STATEMENT
Edition statement [1. vyd.]
260 ## - PUBLICATION, DISTRIBUTION, ETC.
Place of publication, distribution, etc. Bratislava
Name of publisher, distributor, etc. Ikar
Date of publication, distribution, etc. 2005
300 ## - PHYSICAL DESCRIPTION
Extent 199 s.
Dimensions 21 cm
490 1# - SERIES STATEMENT
Series statement Odeon
Volume/sequential designation 21. zv.
655 #7 - INDEX TERM--GENRE/FORM
Genre/form data or focus term anglické romány
Source of term SNKPH
700 1# - ADDED ENTRY--PERSONAL NAME
Personal name Krupa, Viktor,
Dates associated with a name 1936-2021
Relationship trl
-- aft
830 #0 - SERIES ADDED ENTRY--UNIFORM TITLE
Uniform title Odeon
942 ## - ADDED ENTRY ELEMENTS (KOHA)
Source of classification or shelving scheme Dewey Decimal Classification
Koha item type Krásna literatúra pre dospelých
Suppress in OPAC No
949 ## - LOCAL PROCESSING INFORMATION (OCLC)
6 17A0468019
a snkSC 118055
b snk2005/7600
o 794/05
s 6100:20151208
949 ## - LOCAL PROCESSING INFORMATION (OCLC)
6 17A0471850
a snkSC 118055 D1
b snk2005/9309
o 794/05
949 ## - LOCAL PROCESSING INFORMATION (OCLC)
6 2889097646
a savukM 104682
949 ## - LOCAL PROCESSING INFORMATION (OCLC)
6 273K0490444
9 1
a svkpoA 192362
b svkpo480094
949 ## - LOCAL PROCESSING INFORMATION (OCLC)
6 270001000267578
a svkbbA 112119
b svkbbm 662516
Holdings
Stav vyradenia Strata Poškodenie Spôsob nadobudnutia Domovská knižnica Aktuálna knižnica Dátum nadobudnutia Total checkouts Čiarový kód exemplára Date last seen Typ exemplára
      Dar Obecná knižnica Horná Štubňa Obecná knižnica Horná Štubňa 23.03.2026   9788055108506 23.03.2026 Krásna literatúra pre dospelých
Projekt je podporený Slovenskou asociáciou knižníc
Prevádzkuje Turčianska knižnica Martin 2026